World Academics Journal of Management (Record no. 46468)

MARC details
000 -LEADER
fixed length control field 00369nam a22001337a 4500
008 - FIXED-LENGTH DATA ELEMENTS--GENERAL INFORMATION
fixed length control field 250823b |||||||| |||| 00| 0 eng d
022 ## - INTERNATIONAL STANDARD SERIAL NUMBER
International Standard Serial Number 2321-905X
041 ## - LANGUAGE CODE
Language code of text/sound track or separate title Eng
245 ## - TITLE STATEMENT
Title World Academics Journal of Management
260 ## - PUBLICATION, DISTRIBUTION, ETC.
Place of publication, distribution, etc. AkiNik Publication
Name of publisher, distributor, etc. New Delhi
Date of publication, distribution, etc. 2025
300 ## - PHYSICAL DESCRIPTION
Extent 50;. P.
856 ## - ELECTRONIC LOCATION AND ACCESS
Uniform Resource Identifier <a href="https://www.isroset.org/journal/WAJM/index.php">https://www.isroset.org/journal/WAJM/index.php</a>
942 ## - ADDED ENTRY ELEMENTS (KOHA)
Koha item type Serial
Holdings
Withdrawn status Lost status Source of classification or shelving scheme Damaged status Not for loan Home library Current library Date acquired Serial Enumeration / chronology Total Checkouts Barcode Date last seen Price effective from Koha item type
    Dewey Decimal Classification     IMTN IMTN 08/22/2025 Vol. 13, No. 1   P775 08/23/2025 08/23/2025 Serial
    Dewey Decimal Classification     IMTN IMTN 11/27/2025 Vol. 13, No. 3   P1056 11/27/2025 11/27/2025 Serial
Designed & Maintained by: LRC IMT Nagpur Contact: lrc@imtnag.ac.in© 2024. All Rights Reserved.